| 000 | 00978nam a22001937a 4500 | ||
|---|---|---|---|
| 008 | 120423s1994 fr|||||r|||| 000 0 ara d | ||
| 020 | _a9775161967 | ||
| 082 |
_a363.31638 _bك ا م |
||
| 100 |
_929706 _aعثمان ، كامل |
||
| 245 |
_aأمن البحر المتوسط و أثره على العالم العربي في ظل المتغيرات الإقليمية والدولية / _cعثمان كامل |
||
| 260 |
_aباريس : _bمركز الدراسات العربي الأوروبي، _c1994 |
||
| 300 |
_a167 ص ؛ _c14 سم |
||
| 504 | _aيشتمل على إرجاعات ببليوجرافية:ص 159-167 | ||
| 541 |
_aDr. Bassem ; _cDonation ; |
||
| 651 |
_929707 _aحوض البحر الأبيض المتوسط |
||
| 651 |
_915286 _aالعالم العربي _xعلاقات خارجية |
||
| 942 |
_2ddc _cBB |
||
| 999 |
_c16680 _d16680 |
||